Discovering algebra : (Record no. 841)

MARC details
000 -LEADER
fixed length control field 01320nam a2200145 4500
020 ## - INTERNATIONAL STANDARD BOOK NUMBER
ISBN 9780136492030
050 ## - CALL NUMBER
Classification number QA154.2
100 ## - AUTHOR
Personal name Pirich , Donna Marie
-- Bigliani, Patricia A
245 ## - TITLE
Title Discovering algebra :
Remainder of title examples with keystrokes on the TI-82/TI-83 and TI-85/TI-86 : a laboratory approach
Statement of responsibility, etc Donna Marie Pirich; Patricia A Bigliani
260 ## - PUBLICATION INFORMATION
Place of publication Chichester ; New York :
Name of publisher Wiley,
Year of publication ©1997.
300 ## - DESCRIPTION
Number of Pages [x], 195 pages :
Other physical details illustrations ;
Dimensions 28 cm
505 ## - FORMATTED CONTENTS NOTE
Table of Content Preface. Problem Solving with Technology: 10 Helpful Suggestions. Laboratory 1: Basic Concepts and Introduction to Graphing Calculators. Laboratory 2: Solution of Linear Equations. Laboratory 3: Solution of Linear Inequalities. Laboratory 4: Introduction to Graphing: The Equation of a Line. Laboratory 5: Data Analysis and Statistical Approach to the Equation of a Line. Laboratory 6: Systems of Linear Equations. Laboratory 7: Advanced Graphing Techniques: The Quadratic Equation. Laboratory 8: Functions. Laboratory 9: Polynomials. Laboratory 10: Rational Expressions. Laboratory 11: Rational Equations. Laboratory 12: Radicals and Exponents. Laboratory 13: Inverse Functions. Laboratory 14: Exponential and Logarithmic Functions. Laboratory 15: Conic Sections.
650 ## - SUBJECTS
Topical Term Algebra -- Data processing.
-- Graphic calculators.
942 ## - ADDED ENTRY ELEMENTS (KOHA)
Koha item type Books
Holdings
Withdrawn status Lost status Home library Current library Date acquired Full call number Accession Number Koha item type
    Methodist University Library Wenchi Faculty Methodist University Library Wenchi Faculty 14/11/2017 QA154.2 21500 Books
Copyright © 2026  MUG Library